| 000 | 01426nam a2200373 a 4500 | ||
|---|---|---|---|
| 001 | 116459 | ||
| 003 | BLK | ||
| 005 | 20241024135749.0 | ||
| 008 | 180409b bul|||||r ||||||| ||bul|| | ||
| 010 | _aKNG00122005000 | ||
| 040 | _aBLK | ||
| 041 |
_aBUL _cBUL |
||
| 080 |
_aМузика _b78 _x(07)(497.2) _z78(07)(497.2) |
||
| 100 | 1 |
_aСтършенов, Богомил Методиев _eпърви автор _9260943 |
|
| 139 |
_aСтършенов, Богомил Методиев и др. _bС 88 |
||
| 245 | 1 | 0 |
_aБългарска музика _bХристоматия с анализ _cБогомил Методиев Стършенов; съавт. Пенчо Цветанов Стоянов. |
| 257 | _aBGR | ||
| 260 |
_bНар. просв. _c1966 _aСофия |
||
| 300 |
_a332 с. _bс ноти _c23 см |
||
| 380 | _a7 | ||
| 650 | 4 |
_aМузика - България - история _9261617 |
|
| 653 | _aбългарска музика | ||
| 653 | _aистория на музиката | ||
| 653 | _aанализи | ||
| 700 |
_aСтоянов, Пенчо Цветанов _d1931 - 2020 _gБълг. композитор _9254297 |
||
| 852 | _aЦб 40121 | ||
| 856 | 4 | _qpdf | |
| 856 | 4 | _qpdf | |
| 942 |
_cKNG _n0 _s1 |
||
| 944 |
_aCR _c16.03.2011 _lГеновева Генчева _k30560 |
||
| 944 |
_aED _c14.04.2014 _lдобави в АБ / 15.03.2011 |
||
| 999 |
_c116459 _d116459 |
||
| 999 | _d116459 | ||
| 999 | _d116459 | ||